ბათუმის შოთა რუსთაველის სახელმწიფო უნივერსიტეტის ბიბლიოთეკა

ახალი ქართული ლიტერატურა მეცხრამეტე საუკუნე-მეოცე საუკუნის 30-იან წლებამდე : (ბიბ.ჩანაწერი № 55163)

000 -ლიდერი
ფიქსირებული სიგრძის საკონტროლო ველი 01795nam a2200277Ia 4500
001 - საკონტროლო ნომერი
საკონტროლო ველი 22238
003 - საკონტროლო ნომრის იდენტიფიკატორი
საკონტროლო ველი GE_BSU
005 - ბოლო ოპერაციის თარიღი და დრო
საკონტროლო ველი 20230125110408.0
008 - ფიქსირებული სიგრძის მონაცემთა ელემენტები - ზოგადი ინფორმაცია
ფიქსირებული სიგრძის საკონტროლო ველი 181216s2008||||ge |||||||||||||| ||geo||
020 ## - წიგნის საერთაშორისო სტანდარტული ნომერი
International Standard Book Number 978-9941-13-047-2
040 ## - კატალოგიზაციის წყარო
Transcribing agency GE_BSU
041 ## - ენის კოდი
Language code of text/sound track or separate title geo
080 ## - უნივერსალური ათობითი კლასიფიკაციის ინდექსი
Universal Decimal Classification number 821.353.1.09 ტ-15
100 ## - მთავარი ჩანაწერი - პიროვნების სახელი
Personal name ტაბიძე, ტ.
9 (RLIN) 16777
245 ## - ცნობა სათაურის შესახებ
Title ახალი ქართული ლიტერატურა მეცხრამეტე საუკუნე-მეოცე საუკუნის 30-იან წლებამდე :
Remainder of title მოკლე ნარკვევი /
Statement of responsibility, etc ტ. ტაბიძე ; წინათქმა და რედ. ლადო მინაშვილი ; რუს. თარგმნა თემურ ჯაგოდნიშვილმა ; სომხურ გამოცემას შეუდარა ზეზვა მედულაშვილმა
264 ## - წარმოების, გამოცემის, დისტრიბუციის და სხვა ცნობები
გამოცემის, წარმოების, დისტრიბუციის... ადგილი თბილისი :
გამოცემის, წარმოების, დისტრიბუციის... სახელწოდება თსუ,
გამოცემის, წარმოების, დისტრიბუციის... თარიღი 2008.
300 ## - ფიზიკური აღწერა
Extent 211გვ. ;
Dimensions 20 სმ.
500 ## - ზოგადი შენიშვნა
General note ტექსტი და პარალელური სათაური ქართულ და რუსულ ენებზე
653 ## - INDEX TERM--UNCONTROLLED
Uncontrolled term ახალი ქართული ლიტერატურა
653 ## - INDEX TERM--UNCONTROLLED
Uncontrolled term მეცხრამეტე საუკუნე-მეოცე საუკუნის 30-იან წლებამდე
653 ## - INDEX TERM--UNCONTROLLED
Uncontrolled term ქართული ლიტერატურის ისტორია და კრიტიკა
700 ## - ADDED ENTRY--PERSONAL NAME
Personal name მინაშვილი, ლადო
Relator term რედაქტორი
9 (RLIN) 1253
700 ## - ADDED ENTRY--PERSONAL NAME
Personal name ჯაგოდნიშვილი, თემურ
Relator term მთარგმნელი
9 (RLIN) 16778
942 ## - ADDED ENTRY ELEMENTS (KOHA)
Koha item type წიგნი
Source of classification or shelving scheme
ეგზემპლარები
ჩამოწერის სტატუსი დაკარგული ეგზემპლარის სტატუსი კლასიფიკაციის წყარო ან თაროზე გაწყობის სქემა დაზიანების სტატუსი არ გაიცემა მუდმივი მდებარეობა (დაცვის ადგილი) ამჟამინდელი ადგილსამყოფელი თაროზე განთავსების ადგილი შეძენის თარიღი ღირებულება, შესყიდვის ნორმალური ფასი სრული შენახვის შიფრი შტრიხკოდი ბოლო ოპერაციის თარიღი ეგზემპლარის მიმდევრობითი ნომერი (კეტერი?) ფასის ძალაში შესვლის თარიღი ეგზემპლარის სახეობა საჯარო შენიშვნა
          ბათუმის შოთა რუსთაველის სახელმწიფო უნივერსიტეტის მთავარი ბიბლიოთეკა ბათუმის შოთა რუსთაველის სახელმწიფო უნივერსიტეტის მთავარი ბიბლიოთეკა წიგნსაცავი 2018-12-17 11.40 821.353.1.09 ტ-15 57240 2018-12-17 57240 2018-12-17 წიგნი 11.40 ₾.
          ბათუმის შოთა რუსთაველის სახელმწიფო უნივერსიტეტის მთავარი ბიბლიოთეკა ბათუმის შოთა რუსთაველის სახელმწიფო უნივერსიტეტის მთავარი ბიბლიოთეკა წიგნსაცავი 2018-12-17 11.50 821.353.1.09 ტ-15 57241 2018-12-17 57241 2018-12-17 წიგნი 11.50 ₾.
          ბათუმის შოთა რუსთაველის სახელმწიფო უნივერსიტეტის მთავარი ბიბლიოთეკა ბათუმის შოთა რუსთაველის სახელმწიფო უნივერსიტეტის მთავარი ბიბლიოთეკა წიგნსაცავი 2018-12-17 11.50 821.353.1.09 ტ-15 57242 2018-12-17 57242 2018-12-17 წიგნი 11.50 ₾.
          ბათუმის შოთა რუსთაველის სახელმწიფო უნივერსიტეტის მთავარი ბიბლიოთეკა ბათუმის შოთა რუსთაველის სახელმწიფო უნივერსიტეტის მთავარი ბიბლიოთეკა წიგნსაცავი 2018-12-17 11.50 821.353.1.09 ტ-15 57243 2018-12-17 57243 2018-12-17 წიგნი 11.50 ₾.
          ბათუმის შოთა რუსთაველის სახელმწიფო უნივერსიტეტის მთავარი ბიბლიოთეკა ბათუმის შოთა რუსთაველის სახელმწიფო უნივერსიტეტის მთავარი ბიბლიოთეკა წიგნსაცავი 2018-12-17 11.50 821.353.1.09 ტ-15 57244 2018-12-17 57244 2018-12-17 წიგნი 11.50 ₾.
          ბათუმის შოთა რუსთაველის სახელმწიფო უნივერსიტეტის მთავარი ბიბლიოთეკა ბათუმის შოთა რუსთაველის სახელმწიფო უნივერსიტეტის მთავარი ბიბლიოთეკა წიგნსაცავი 2018-12-17 12.00 821.353.1.09 ტ-15 57256 2018-12-17 57256 2018-12-17 წიგნი 12.00 ₾.
          ბათუმის შოთა რუსთაველის სახელმწიფო უნივერსიტეტის მთავარი ბიბლიოთეკა ბათუმის შოთა რუსთაველის სახელმწიფო უნივერსიტეტის მთავარი ბიბლიოთეკა წიგნსაცავი 2018-12-17 12.00 821.353.1.09 ტ-15 57257 2018-12-17 57257 2018-12-17 წიგნი 12.00 ₾.
          ბათუმის შოთა რუსთაველის სახელმწიფო უნივერსიტეტის მთავარი ბიბლიოთეკა ბათუმის შოთა რუსთაველის სახელმწიფო უნივერსიტეტის მთავარი ბიბლიოთეკა წიგნსაცავი 2018-12-17 12.00 821.353.1.09 ტ-15 57258 2018-12-17 57258 2018-12-17 წიგნი 12.00 ₾.